Anime by OST name and year - Statistics

General Stats
  • This quiz has been taken 20 times
  • The average score is 5 of 35
Answer Stats
OST NAME ANSWER YEAR % Correct
Vogel im Käfig Attack on Titan / Shingeki no Kyojin 2013
60%
Number One (vocal ver.) Bleach 2004
60%
il vento d'oro JOJO's Bizarre Adventure Golden Wind 2018
45%
Bratja / Brothers Fullmetal Alchemist 2003
40%
Pegasus Meteor Fist Saint Seiya 1986
30%
Blumenkranz Kill la Kill 2013
25%
The Rising Fighting Spirit Naruto 2002
25%
THE BEAST Neon Genesis Evangelion 1995
25%
Paranormal Funk Dandadan 2024
20%
Fuwa Fuwa Time K-on! 2009
20%
We Have to Defeat It Sword Art Online 2012
20%
Teleology of Death Death Note 2006
15%
A Town with an Ocean View Kiki's Delivery Service / Majo no Takkyuubin 1989
15%
You'll see the KID Magic Kaito 1412 2014
15%
Gallant Char Mobile Suit Gundam 1979
15%
Aqua Alta-biyori / A Fine Day for "High Water" Aria the Animation 2005
10%
Snowfield Clannad 2007
10%
Be SURVIVOR Eyeshield 21 2005
10%
KILL THE FIGHT Hokuto no Ken 2 / Fist of the North Star 2 1987
10%
Fun Fun Fun dayo Lucky Star 2007
10%
China Ping Pong the Animation 2014
10%
Call of the Witch Re:Zero kara Hajimeru Isekai Seikatsu / Re: Life in a different world from zero 2016
10%
Believe Me Steins;Gate 2011
10%
Natsukage / Summer Lights Air 2005
5%
PARKOUR Bubble 2022
5%
You'll Get Burned Gachiakuta 2025
5%
Wish Kaiji: Ultimate Survivor / Gyakkyou Burai Kaiji 2007
5%
Bahasa Palus Katanagatari 2010
5%
Brooms and Potions Mashle 2023
5%
Fly Away Panty and Stocking with Garterbelt 2010
5%
Cool Running Full Metal Panic 2002
0%
Turn the World into a Desert / Sekai wo Sabaku ni seyo Heartcatch Precure! 2010
0%
Umenomori Onsen Mayoi Neko Overrun / Stray Cats Overrun! 2010
0%
Meteor Mobile Suit Gundam Seed 2002
0%
Contractor Pandora Hearts 2009
0%
No matching quizzes found
Score Distribution
Percent of People with Each Score
Percentile by Number Answered
Your Score History
You have not taken this quiz